La sala de máquinas de las constituciones latinoamericanas: entre lo viejo y lo nuevo /

Guardado en:
Bibliografiske detaljer
Hovedforfatter: Gargarella, Roberto
Format: Texto
Tags: Tilføj Tag
Ingen Tags, Vær først til at tagge denne postø!

MARC

LEADER 00000 a a2200000 04500
001 48789
003
040
100 |a Gargarella, Roberto  
245 |a La sala de máquinas de las constituciones latinoamericanas:   |b entre lo viejo y lo nuevo /  |c Roberto Gargarella  
773 |a número258, (2015), páginas 96-106  
999 |c 28435  |d 28435